| 000 | 04336cgm a2200961 i 4500 | ||
|---|---|---|---|
| 001 | on1313562424 | ||
| 003 | OCoLC | ||
| 005 | 20220729134348.0 | ||
| 007 | vd mvaizq | ||
| 008 | 220502s2022 vau110 vleng d | ||
| 040 |
_aTEFMT _beng _erda _cTEFMT _dTEF _dOCLCQ _dCPL _dOCLCF _dWC4 _dJQW _dTJT _dWACOL |
||
| 019 | _a1322238131 | ||
| 020 | _a9781531714550 | ||
| 020 | _a1531714552 | ||
| 024 | 1 | _a841887046305 | |
| 028 | 4 | 2 |
_aAE62105 _bPBS |
| 035 |
_a(OCoLC)1313562424 _z(OCoLC)1322238131 |
||
| 037 |
_bMidwest Tape _nhttp://www.midwesttapes.com |
||
| 043 | _an-us-ca | ||
| 050 | 4 |
_aRC176.C2 _bP595 2022 |
|
| 082 | 0 | 4 |
_a616.9/23200979461 _223 |
| 092 |
_a616.9 dvd _bPlague |
||
| 049 | _aWACL | ||
| 245 | 0 | 0 |
_aPlague at the Golden Gate / _ca Flash Cuts production for American experience ; produced and directed by Li-Shin Yu ; written by Susan Kim ; produced by James Q. Chan. |
| 250 | _aWidescreen. | ||
| 264 | 1 |
_a[Arlington, Virginia] : _bPBS, _c[2022] |
|
| 264 | 2 |
_a[Arlington, Virginia] : _bDistributed by PBS Distribution, _c[2022] |
|
| 264 | 4 | _c�2022 | |
| 300 |
_a1 videodisc (approx. 110 min.) : _bsound, color with black and white sequences ; _c4 3/4 in. |
||
| 336 | _atwo-dimensional moving image | ||
| 337 | _avideo | ||
| 338 | _avideodisc | ||
| 344 |
_adigital _2rdatr |
||
| 344 |
_boptical _2rdarm |
||
| 344 |
_gstereo _2rdacpc |
||
| 346 |
_bNTSC _2rdabs |
||
| 347 |
_avideo file _2rdaft |
||
| 347 | _bDVD video | ||
| 347 |
_eRegion 1 _2rdare |
||
| 380 |
_aTelevision programs _2lcgft |
||
| 538 | _aDVD; NTSC, Region 1; widescreen presentation; stereo; [color, B&W] | ||
| 546 | _aEnglish audio; English SDH subtitles for the deaf and hard of hearing. | ||
| 500 | _aDocumentary. | ||
| 511 | 0 | _aNarrator, Lea Salonga. | |
| 508 | _aComposer of original music, Vivek Maddala. | ||
| 500 | _aOriginally produced as an episode of the television series: American experience. | ||
| 500 | _aWide screen (16x9). | ||
| 500 | _aRunning time indicated on container: approximately 110 minutes; actual running time: 114 minutes. | ||
| 520 | _aDiscover how the 1900 outbreak of bubonic plague set off fear and anti-Asian sentiment in San Francisco. | ||
| 521 |
_advd _bmicromarketing |
||
| 650 | 0 |
_aPlague _zCalifornia _zSan Francisco _xHistory _y20th century. _96452463 |
|
| 650 | 0 |
_aChinese Americans _xSocial conditions _y20th century. _96452464 |
|
| 650 | 0 |
_aChinese Americans _xHistory _y20th century. _96452465 |
|
| 650 | 0 |
_aRace discrimination _zCalifornia _zSan Francisco _xHistory _y20th century. _96452466 |
|
| 650 | 7 |
_aChinese Americans. _2fast _0(OCoLC)fst00857249 |
|
| 650 | 7 |
_aPlague. _2fast _0(OCoLC)fst01065045 |
|
| 650 | 7 |
_aRace discrimination. _2fast _0(OCoLC)fst01086465 |
|
| 651 | 7 |
_aCalifornia _zSan Francisco. _2fast _0(OCoLC)fst01204481 _95706539 |
|
| 651 | 7 |
_aUnited States. _2fast _0(OCoLC)fst01204155 |
|
| 648 | 7 |
_a1900-1999 _2fast _95675279 |
|
| 655 | 0 | _aDVD-Video discs. | |
| 655 | 7 |
_aDocumentary television programs. _2fast _0(OCoLC)fst01710387 |
|
| 655 | 7 |
_aHistorical television programs. _2fast _0(OCoLC)fst01726125 |
|
| 655 | 7 |
_aHistory. _2fast _0(OCoLC)fst01411628 _95675940 |
|
| 655 | 7 |
_aNonfiction television programs. _2fast _0(OCoLC)fst01710270 _95674022 |
|
| 655 | 7 |
_aDocumentary television programs. _2lcgft |
|
| 655 | 7 |
_aHistorical television programs. _2lcgft |
|
| 655 | 7 |
_aNonfiction television programs. _2lcgft _95674022 |
|
| 655 | 7 |
_aVideo recordings for the hearing impaired. _2lcgft |
|
| 700 | 1 |
_aYu, Li-Shin, _etelevision director, _etelevision producer. _96452467 |
|
| 700 | 1 |
_aKim, Susan, _d1958- _escreenwriter. _95852365 |
|
| 700 | 1 |
_aBellows, Susan, _etelevision producer. _96452468 |
|
| 700 | 1 |
_aChan, James Q., _etelevision producer _96452469 |
|
| 700 | 1 |
_aSalonga, Lea, _enarrator. _940101 |
|
| 700 | 1 |
_aMaddala, Vivek, _ecomposer. _96452470 |
|
| 700 | 1 |
_aRandall, David K. _tBlack Death at the Golden Gate. _96452471 |
|
| 710 | 2 |
_aFlash Cuts (Firm), _eproduction company. _96452472 |
|
| 710 | 2 |
_aPublic Broadcasting Service (U.S.), _epublisher. _927534 |
|
| 710 | 2 |
_aPBS Distribution (Firm), _efilm distributor. _95675827 |
|
| 730 | 0 |
_aAmerican experience (Television program) _936274 |
|
| 856 | 7 |
_3View cover art _uhttps://thumbnail.midwesttape.com/14869581_180.jpg _2https |
|
| 994 |
_aC0 _bWACOL |
||
| 999 |
_c375873 _d375873 |
||